000 00921nam a2200289Ia 4500
003 OSt
005 20250311145441.0
008 210716s2003 xx 000 0 und d
020 _a8173713928
040 _cAIMIT LIBRARY
041 _aeng
082 _a658.4062
_21
_bSCHG
100 _aSchreiber, Guus.
_9205620
245 _aKnowledge engineering and management /
_cBy Guus Schreiber...[et.al].
250 _a1st ed.
260 _aNew Delhi :
_bUniversities Press ;
_c2003.
300 _axiv;455p. ;
_bPB
_c24 cm.
650 _aKnowledge engineering basics
_9205621
650 _aModelling communication aspects
_9205622
700 _aAkkermans, Hans.
_9205623
700 _aAnjewierden, Anjo.
_9205624
700 _aHoog, Robert De.
_9205625
700 _aShadbolt, Nigel.
_9205626
700 _aVelde, Walter Van De.
_9205627
700 _aWielinga, Bob.
_9205628
942 _2ddc
_cBK
_e1st ed.
_k658.4062 SCHG
999 _c198882
_d198882